Estatísticas para Países que contêm uma letra - J

Clique aqui para jogar o quiz

Estatísticas Gerais

  • Esse quiz foi jogado 72 vezes
  • A pontuação média é 5 de 8

Estatísticas das Respostas

CategoriaPaís% Correto
1 x JJamaica
85%
1 x JJapão
85%
1 x JJordânia
83%
1 x JAzerbaijão
52%
1 x JFiji
44%
1 x JTajiquistão
44%
1 x JDjibouti
38%
1 x JCamboja
33%

Distribuição das Pontuações

Percentil de Números Respondidos

Porcentagem de Pessoas com Cada Pontuação

Sua Pontuação Histórica

Você não jogou esse quiz